Newest Countries in the World - Statistics

General Stats
  • This quiz has been taken 111 times
  • The average score is 7 of 10
Answers on the Map
Answers color-coded by a green-red scale on the quiz's map according to % correct below.
 
Answer Stats
Year Answer % Correct
2011 South Sudan
99%
2008 Kosovo
88%
2006 Montenegro
82%
2006 Serbia
77%
1992 Bosnia and Herzegovina
72%
2002 East Timor
70%
1993 Slovakia
60%
1993 Czech Republic
59%
1994 Palau
54%
1993 Eritrea
49%
No matching quizzes found
Score Distribution
Percent of People with Each Score
Percentile by Number Answered
Your Score History
You have not taken this quiz